01806cam a22004454i 4500003000900000005001700009008004100026020001500067020001800082035002700100040003300127082002000160100003600180245010300216264005900319264001100378300003900389336002100428337002500449338002300474490004400497504004000541504003400581505055100615526001001166526001001176526001001186526001001196526000801206526000801214526000801222526000801230526000801238526000801246526000801254648002201262650004101284650002101325655001401346PE-LiUPU20250731172841.0160526s2013 ilu rb 001 0 eng  a0830825851 a9780830825851 a(Sirsi) i9780830825851 aPE-LiUPUbspacPE-LiUPUerda00a270.82bS782231 aStanley, Brian,d1953-,eautor.14aThe global diffusion of evangelicalism :bthe age of Billy Graham and John Stott /cBrian Stanley. 1aDowners Grove, Illinois :bInterVarsity Press,c[2013] 4c©2013 a283 páginas ;c23 centímetros. atext2rdacontent aunmediated2rdamedia avolume2rdacarrier1 aA history of evangelicalism ;vvolume 5 aBibliografía : páginas 249-266. aÍndice : páginas 267-283. aEvangelical Christianity in global perspective -- 'Evangelicals', 'conservative evangelicals' and 'fundamentalists' -- Mission, evangelism and revival: the globalization of evangelical networks -- Scholarship, the Bible and preaching -- Defending the faith in a changing cultural climate -- Christian mission and social justice: Lausanne 1974 and the challenge from the majority world -- The ferment of the Spirit: new charismatic and Pentecostal movements -- Hermeneutics, gender and sexual ethics -- Evangelicalism: diffusion or disintegration? aSEG42 aSEG41 aSEG40 aSEG39 aP94 aP87 aP86 aP85 aP77 aP76 aP35 7a1900 - 19992fast 0aEvangelicalismoxHistoriaySiglo 20. 7aEvangelicalismo. 7aHistoria.